000 00580nam a2200169 i 4500
001 94685
003 ES-MaACL
007 t|
008 050512s1968 sp ||||1| spa d
100 1 _aLovell, Bernard.
_974357
245 1 3 _aLa exploración del universo /
_cBernard Lovell; traducción de José Mª Gimeno; revisada por Enrique Gullón de Senespleda.
260 _aMadrid :
_bNorte y Sur,
_c1968.
300 _a147 p., lám. I-X ;
_c20 cm.
700 1 _aGullón de Senespleda, Enrique.
_960940
700 1 _aGimeno, José María.
_957081
852 _aES-MaACL
_jG-4543
_bR.65416
999 _c94685
_d94685